Responses for show #4560 - Friday, June 4, 2004

Ken Jennings game 3.

(Jimmy: During the Depression, some people were very busy beavers building the Hoover Dam. We'll tell you about it, coming up next on Jeopardy!)

Contestants

[<< previous game]

Dane Petersen, a public relations and marketing manager from Arlington, Virginia

Neil Thom, an attorney from Columbus, Georgia

Ken Jennings, a software engineer from Salt Lake City, Utah (whose 2-day cash winnings total $59,201)

[next game >>]

Jeopardy! Round responses

AUTHORS
SPORTS QUOTES
"E"OGRAPHY
IF YOU'RE GOING TO DO IT...
BUSINESSMEN
NUMERICAL HOMOPHONES
    $200 8
(Washington) Irving

Ken
    $200 2
Ali

Ken
    $200 1
Estonia

Dane
    $200 18
John Paul II (the Pope)

Ken
    $200 23
Sears

Neil
    $200 13
won

Ken
    $400 9
Leo Tolstoy

Ken
    $400 4
Yogi Berra

Ken
    $400 3
Ebola

Dane
    $400 19
a safety

Neil
    $400 24
Bill Gates

Ken
    $400 14
Ate

Neil
    $600 10
Dickens

Ken
    $600 28
Willam Perry

Dane
    $600 5
Elba

Ken
    $600 20
(Ken: Ooh, 50-50... what is a blue pill?)

the red pill

KenDane
    $600 25
(William) Wrigley

Ken
    $600 15
nein

Neil
    $800 11
Kipling

Ken
    $800 29
Eisenhower

Dane
    $800 6
England

Ken
    $800 21
cement

Ken
    $800 26
Amazon.com

Ken
    $800 16
fore

Ken
    $1000 12
Bret Harte

Ken
    $1000 30
the only thing

Neil
    $1000 7
East Timor

Ken
    $1000 22
Sanskrit

Neil
    $1,000 27
(Ken: I'm not really crazy about the category. I think I'll wager $1,000, please.)
(Alex: You don't like businessmen?)
(Ken: I hate them all.)
(Alex: Oh, good. All right.)
(Ken: Come the revolution, we're gonna string them up.)
(Alex: Whoa! Hello! Here's the clue:)

Woolworth

Ken
    $1000 17
sics

Neil

Scores at the first commercial break (after clue 15):

Ken Neil Dane
$6,200 $1,000 $600

Scores at the end of the Jeopardy! Round:

Ken Neil Dane
$10,200 $4,600 $2,600

Double Jeopardy! Round responses

GONE WITH THE WIND
FRANKLY
MY DEER
I DON'T
GIVE "A"
HOOVER DAM
    $400 4
Atlanta

Ken
    $400 18
Louis

Ken
    $400 23
the reindeer

Ken
    $400 12
(Neil: What is a lacto-ovo vegetarian?)

a vegan

NeilDane
    $400 1
Aladdin

Dane
    $400 11
the Colorado

Ken
    $800 7
Gable

Ken
    $800 19
the Visigoths

Ken
    $800 24
velvet

Ken
    $800 13
a psychologist

Neil
    $800 2
"Amazing Grace"

Dane
    $800 14
concrete

Ken
    $1200 8
(Dane: What is... uh...)

Mammy

KenDane
    $3,000 20
Gaul

Ken
    $1200 25
Lyme disease

Ken
    $1200 15
Orthodox

Ken
    $1200 3
(Alex: Yes, St. Francis of [*].)

Assisi

Neil
    $1200 28
(Neil: What is the Coulee Dam?)

Boulder Dam

Neil
Triple Stumper
    $1600 9
Leslie Howard

Neil
    $1600 21
Charles Martel

Ken
    $2,800 26
a white-tail

Ken
    $1600 16
a pack rat

Neil
    $1600 5
avoir du pois

Triple Stumper
    $1600 29
turbines

Ken
    $2000 10
George Reeves

Dane
    $2000 22
Pepin (the Short)

Ken
    $2000 27
a musk deer

Ken
    $2000 17
(Alex: That's right, got in there before Neil.)

a solicitor

Ken
    $2000 6
Antigua

Neil
    $2000 30
art deco

Neil

Scores at the end of the Double Jeopardy! Round:

Ken Neil Dane
$33,600 $12,200 $5,000
(lock game)

[wagering suggestions for these scores]

Final Jeopardy! Round responses

RECORD HOLDERS
(Alex: That is... that is it, yes. A phoebe is a type of bird. Kind of beige-colored.)
DaneWhat is naming naming?
$3,000
NeilWhat is butterfly collecting
$2,000
KenWhat is birdwatching?
$3,400
birdwatching

Final scores:

Ken Neil Dane
$37,000 $10,200 $2,000
3-day champion: $96,201 2nd place: $2,000 3rd place: $1,000

Game dynamics:

Coryat scores:

Ken Neil Dane
$30,600 $12,200 $5,000
36 R
(including 3 DDs),
1 W
13 R,
2 W
9 R,
1 W

Combined Coryat: $47,800

The J! Archive is created by fans, for fans. The Jeopardy! game show and all elements thereof, including but not limited to copyright and trademark thereto, are the property of Jeopardy Productions, Inc. and are protected under law. This website is not affiliated with, sponsored by, or operated by Jeopardy Productions, Inc. Join the discussion at JBoard.tv.